| 000 | 01760nam0a2200301 4500 | ||
|---|---|---|---|
| 001 | RU\NLR\bibl\859990 | ||
| 005 | 20260407143729.0 | ||
| 010 | _a5-246-00792-8 | ||
| 021 |
_aRU _b2005-27608 _91389 |
||
| 035 | _a(NLR Aleph) 000848682 | ||
| 090 |
_a1466071 _c1466071 |
||
| 100 | _a20051026d2005 |||y0rusy50 ca | ||
| 101 | 0 | _arus | |
| 102 | _aRU | ||
| 105 | _ay ||||||||| | ||
| 200 | 1 |
_aБизнес-карта-2005. [Промышленность. Отрасль]. Россия и страны СНГ. [Деловые справочники]. Том 1-2 _iГорнодобывающая промышленность: руда железная и концентраты железных руд, материалы неметаллорудные, материалы нерудные, соль, нефть, газ, сырье горно-химическое, сырье цветных и драгоценных металлов, торф, уголь каменный и бурый, разведка недр _fАгентство деловой информ. [Бизнес-карта] |
|
| 210 |
_aМосква _cАДИ "Бизнес-карта" _d2005 |
||
| 215 |
_a486, [1] с. _d21 |
||
| 300 | _aНа обл. только част. загл. тома | ||
| 320 | _aАлф. указатели: с. 16-94 | ||
| 606 | 1 |
_aГорнодобывающая промышленность _jБизнес-карты _yСтраны СНГ _92190648 _3RU\NLR\auth\661316883 |
|
| 686 | _aУ30(2)545.1я2 | ||
| 712 | 0 | 2 |
_4570 _a"Бизнес-карта", агентство деловой информации _cМосква _3RU\NLR\AUTH\8810016251 _9530346 |
| 801 | 0 |
_aRU _bNLR _c20051026 _grcr |
|
| 801 | 1 |
_aRU _bNLR _c20051026 |
|
| 942 | _cBOOK | ||
| 980 | _aNB | ||